| 000 | 01007nam a22001937a 4500 | ||
|---|---|---|---|
| 999 |
_c184817 _d184817 |
||
| 005 | 20220617170142.0 | ||
| 010 | _aB-742597-598 HIN-21-22 | ||
| 020 |
_a9789351506898 _c450.00 |
||
| 035 | _aB-742597-598 | ||
| 037 | _bSAGE PUBLICATION INDIA PVT. LTD | ||
| 082 | _a920 | ||
| 100 | _aसिंह, वी. के | ||
| 245 |
_aभारतीय सेना में नेतृतव: _cवी. के सिंह |
||
| 260 |
_aNew Delhi _bSage Publication india Pvt. ltd _c2021 |
||
| 270 |
_aB-I/I-I Mohan Cooperative Industrial Area, Mathura Road _bNew Delhi _e1100044 |
||
| 300 |
_a357 पृ. _c22cm (अजील्द) |
||
| 942 |
_2ddc _cHN _mसिंहवी _h920 |
||